000 00282nam a22001337a 4500
008 221011b ||||| |||| 00| 0 eng d
041 _aeng
080 _a575
082 _a575
100 _a13
101 _aBIO
245 _aKIDNEY AND URINARY TRACT
_cBECKER E
942 _2udc
_cBK
999 _c58489
_d58489